Bussiness and administration (Record no. 77966)

MARC details
000 -LEADER
fixed length control field 01241nam a2200205 a 4500
008 - FIXED-LENGTH DATA ELEMENTS--GENERAL INFORMATION
fixed length control field 130830s2011 ||||||||||||||||| || u
020 ## - INTERNATIONAL STANDARD BOOK NUMBER
International Standard Book Number 9780435046903
050 ## - LIBRARY OF CONGRESS CALL NUMBER
Classification number HF 5030 Bus
100 ## - MAIN ENTRY--PERSONAL NAME
Personal name Trimarchi, Karen
245 10 - TITLE STATEMENT
Title Bussiness and administration
Statement of responsibility, etc. by Bernadette Watkins [and others]
260 ## - PUBLICATION, DISTRIBUTION, ETC.
Place of publication, distribution, etc. Harlow, Essex:
Name of publisher, distributor, etc. Pearson Education Limited
Date of publication, distribution, etc. 2011
300 ## - PHYSICAL DESCRIPTION
Extent viii, 216p.: ill.
650 #0 - SUBJECT ADDED ENTRY--TOPICAL TERM
Topical term or geographic name entry element BUSINESS
700 ## - ADDED ENTRY--PERSONAL NAME
Personal name Watkins, Bernadette
995 ## -
-- ANNEX COLLECTION (Main Library)
-- 744376
-- CBU-MAIN LIBRARY (Kitwe)
-- HF 5030 Bus
-- 4
-- AVAILABLE
-- Sep 10, 2013
-- 744376
-- Annex Low-Usage Collection
995 ## -
-- ANNEX COLLECTION (Main Library)
-- 744377
-- CBU-MAIN LIBRARY (Kitwe)
-- HF 5030 Bus
-- 5
-- AVAILABLE
-- Sep 10, 2013
-- 744377
-- Annex Low-Usage Collection
995 ## -
-- ANNEX COLLECTION (Main Library)
-- 744373
-- CBU-MAIN LIBRARY (Kitwe)
-- HF 5030 Bus
-- 1
-- AVAILABLE
-- Sep 10, 2013
-- 744373
-- Annex Low-Usage Collection
995 ## -
-- MAIN LIBRARY OPEN ACCESS
-- 744374
-- CBU-MAIN LIBRARY (Kitwe)
-- HF 5030 Bus
-- 2
-- AVAILABLE
-- Sep 10, 2013
-- 744374
-- Main Library Open Access Collection
995 ## -
-- MAIN LIBRARY OPEN ACCESS
-- 744375
-- CBU-MAIN LIBRARY (Kitwe)
-- HF 5030 Bus
-- 3
-- AVAILABLE
-- Sep 10, 2013
-- 744375
-- Main Library Open Access Collection
999 ## -
-- 77966
-- 77966
Holdings
Withdrawn status Lost status Source of classification or shelving scheme Damaged status Not for loan Permanent Location Current Location Date acquired Full call number Barcode Date last seen Copy number Price effective from Koha item type Shelving location Total Checkouts Checked out Date last checked out
Withdrawn         CBU-MAIN LIBRARY, KITWE. CBU-MAIN LIBRARY, KITWE. 05/03/2023 HF 5030 Bus 744376 05/03/2023 1 05/03/2023 MONOGRAPH        
          CBU-MAIN LIBRARY, KITWE. CBU-MAIN LIBRARY, KITWE. 05/03/2023 HF 5030 Bus 744377 05/03/2023 2 05/03/2023 MONOGRAPH        
          CBU-MAIN LIBRARY, KITWE. CBU-MAIN LIBRARY, KITWE. 05/03/2023 HF 5030 Bus 744373 05/03/2023 3 05/03/2023 MONOGRAPH        
          CBU-MAIN LIBRARY, KITWE. CBU-MAIN LIBRARY, KITWE. 05/03/2023 HF 5030 Bus 744374 05/03/2023 4 05/03/2023 MONOGRAPH        
          CBU-MAIN LIBRARY, KITWE. CBU-MAIN LIBRARY, KITWE. 05/03/2023 HF 5030 Bus 744375 01/21/2026 5 05/03/2023 MONOGRAPH   1 02/04/2026 01/21/2026